000 00394nam a2200169Ia 4500
005 20250411005645.0
008 240331s9999 xx 000 0 und d
020 _a9555733481
082 _bSOM
_a891
100 _aSomarathne,M
245 0 _aMuwanpalassa
250 _a3rd
260 _aNugegoda
_bSarasavi publication
_c2007
300 _a150 p .,
650 _aRadio Tele drama
942 _cL
999 _c5399
_d5399